Despuš de la violencia Memoria y justicia /

Detalles Bibliográficos
Autor principal: Garca̕ Amado, Juan Antonio
Otros Autores: Garca̕ Inda, Andrš, Gallego Garca̕, Gloria Mara̕, Mate, Reyes, Bernuz Beneitez, Mara̕ Još, Valencia Villa, Hernando
Formato: eBook
Lenguaje:español
Publicado: Bogot:̀ Siglo del Hombre Editores, 2015
Materias:
Acceso en línea:Acceso restringido

MARC

LEADER 00000nam a22000007a 4500
005 20210430212955.0
007 cr|||| ||||
008 210430s2015 co |||||s|||| 00||0 spa d
020 |a 978-958-665-331-2 
035 |a 33214 
040 |a vLex 
090 |c 11578  |d 11578 
100 1 |a Garca̕ Amado, Juan Antonio 
245 1 0 |a Despuš de la violencia  |h [Recurso electrn̤ico] :  |b Memoria y justicia /  |c Juan Antonio Garca̕ Amado, Andrš Garca̕ Inda, Gloria Mara̕ Gallego Garca̕, Reyes Mate, Mara̕ Jos ̌Bernuz Beneitez, Hernando Valencia Villa 
256 |a Servicio en ln̕ea 
260 |a Bogot:̀  |b Siglo del Hombre Editores,  |c 2015 
300 |a 1 recurso electrn̤ico 
506 1 |a Disponible solo en los productos indicados  |d vLex Global  |d vLex Global (Academic Edition, excluding Law Schools)  |d vLex Global (U.S. Academic Edition, Law Schools)  |d vLex Global (U.S. Academic Edition, excluding Law Schools)  |d vLex Global (Academic Edition, Law Schools) 
650 0 4 |a Ciencias sociales  |z Colombia 
650 0 4 |a Humanidades  |z Colombia 
700 1 |a Garca̕ Inda, Andrš 
700 1 |a Gallego Garca̕, Gloria Mara̕ 
700 1 |a Mate, Reyes 
700 1 |a Bernuz Beneitez, Mara̕ Još 
700 1 |a Valencia Villa, Hernando 
740 0 |a vLex Libros (Servicio en ln̕ea) 
856 4 0 |u https://vlex.com/source/despues-de-la-violencia-memoria-y-justicia-33214  |z Acceso restringido 
942 |c BOOK 
999 0 |a Social Sciences 
999 0 |a Humanities